Crucero de Investigación Científica Marina a los Fiordos y Canales adyacentes a Campos de Hielo Sur: 18 de agosto-4 de septiembre de 1995

Saved in:
Bibliografiske detaljer
Institution som forfatter: Comité Oceanográfico Nacional (Author)
Format: Bog
Sprog:spansk
Udgivet: Valparaíso Comité Oceanográfico Nacional 1996
Fag:
Tags: Tilføj Tag
Ingen Tags, Vær først til at tagge denne postø!

MARC

LEADER 00000nam a2200000 a 4500
001 UCO7132
003 CL-VaPUC
008 001110e19960000CL |||||||||||||||||spa|d
082 0 4 |a 551.46  |b COM  |2 21 
110 2 |a Comité Oceanográfico Nacional  |e author  |9 451832 
245 1 0 |a Crucero de Investigación Científica Marina a los Fiordos y Canales adyacentes a Campos de Hielo Sur: 18 de agosto-4 de septiembre de 1995 
300 |a 122 p 
942 |c BK 
945 |d 20001110 00:00:00  |a vberengu 
260 |a Valparaíso  |b Comité Oceanográfico Nacional  |c 1996 
650 0 |a Ecosistemas acuáticos   |9 343699 
650 0 |a Fitoplancton   |9 261810 
650 0 |a Investigación científica  |9 259857 
650 7 |a GEOMORFOLOGIA SUBMARINA  |2 CL-VaPUC  |9 451833 
650 0 |a Oceanografía  |9 260014 
650 0 |a Oceanografía física  |9 339696 
650 7 |a OCEANOGRAFIA QUIMICA  |2 CL-VaPUC  |9 451834 
650 7 |a PECES  |2 CL-VaPUC  |9 451835 
650 0 |a Sedimentos marinos   |9 260001 
650 0 |a Zooplancton  |9 261816 
651 0 |a Campos de Hielo Sur  |9 439859 
583 |a last modification  |c 20001110 00:00:00  |k Rodrigo Vera 
999 |c 292334  |d 292332 
952 |0 0  |1 0  |2 ddc  |4 0  |6 551_460000000000000_COM_1996  |7 0  |8 P  |9 343126  |a BIBCUR  |b BIBCUR  |c PAC  |d 2019-11-20  |i 3634973  |o 551.46 COM 1996  |p 3634973  |r 2025-04-22  |w 2019-11-20  |y BK  |k CIM